[Event "It (c)"]
[Site "masterchessopen.com - Brno (Czech Republic)"]
[Round "5"]
[White "Holemar David (CZE)"]
[Black "Banas Jan (SVK)"]
[Result "1/2-1/2"]
[WhiteElo "2326"]
[BlackElo "2329"]

1.c4 Nf6 2.Nc3 d5 3.cxd5 Nxd5 4.Nf3 g6 5.Qa4+ Nc6 6.Ne5 Nb4 7.Nxc6 Nxc6 8.g3
Bg7 9.Bg2 Bd7 10.O-O O-O 11.Qh4 Bf6 12.Qh6 e5 13.d3 Bg7 14.Qg5 h6 15.Qxd8 {#d}
1/2-1/2

[Event "Extraliga 2004/05"]
[Site "masterchessopen.com - Czech Republic"]
[Date "2004.11.06"]
[Round "1"]
[White "Cech Pavel (CZE)"]
[Black "Zezulkin Jurij (BLR)"]
[Result "1/2-1/2"]
[WhiteElo "2403"]
[BlackElo "2547"]

1.c4 Nf6 2.Nc3 d5 3.cxd5 Nxd5 4.Nf3 g6 5.e4 Nxc3 6.dxc3 Qxd1+ 7.Kxd1 f6 8.Be3
e5 9.Nd2 Nd7 10.Kc2 Bc5 11.Bxc5 Nxc5 12.b4 Ne6 13.Nb3 Ke7 14.Bc4 Bd7 15.a4
Rad8 16.a5 Bc8 {#d} 1/2-1/2

[Event "Czech League 2004/05 (2nd) (e)"]
[Site "masterchessopen.com - Czech Republic"]
[Date "2005.01.16"]
[Round "6"]
[White "Belunek Vladimir (CZE)"]
[Black "Navratil Jiri (CZE)"]
[Result "1/2-1/2"]
[WhiteElo "2262"]
[BlackElo "1996"]

1.c4 Nf6 2.Nc3 d5 3.cxd5 Nxd5 4.g3 e6 5.Bg2 Be7 6.Nf3 O-O 7.O-O b6 8.Nxd5 exd5
9.d4 Bf6 10.Bf4 Bb7 11.Rc1 c6 12.Ne5 Re8 13.Ng4 Bg5 14.Bxg5 Qxg5 15.Ne5 f6
{#d} 1/2-1/2

[Event "Ch South Region "]
[Site "masterchessopen.com - Krasnodar (Russia)"]
[Round "0"]
[White "Boiarsky Viatceslav (RUS)"]
[Black "Volkov Vijcheslav (RUS)"]
[Result "1-0"]
[WhiteElo "2202"]
[BlackElo "2054"]

1.c4 Nf6 2.Nc3 d5 3.cxd5 Nxd5 4.g3 e6 5.Bg2 Be7 6.Nh3 O-O 7.O-O c5 8.d3 Nc6
9.Nf4 Nxf4 10.Bxf4 e5 11.Bxc6 exf4 12.Bg2 fxg3 13.hxg3 h5 14.Rc1 h4 15.Ne4 Bf5
{#r} 1-0

[Event "It (cat.7)"]
[Site "masterchessopen.com - Budapest (Hungary)"]
[Date "2005.02.13"]
[Round "9"]
[White "Zlatic Mihajlo (SRB)"]
[Black "Ilincic Zlatko (SRB)"]
[Result "1/2-1/2"]
[WhiteElo "2417"]
[BlackElo "2540"]

1.c4 Nf6 2.Nc3 g6 3.g3 Bg7 4.Bg2 O-O 5.d3 e5 6.e3 Nc6 7.Nge2 d6 8.O-O Be6
9.Nd5 Qd7 10.Re1 Nd8 11.Nxf6+ Bxf6 12.Nc3 {#d} 1/2-1/2

[Event "Ch Germany"]
[Site "masterchessopen.com - Altenkirchen (Germany)"]
[Date "2005.02.20"]
[Round "3"]
[White "Asendorf Joachim (GER)"]
[Black "Heidorn Oliver (GER)"]
[Result "1-0"]
[WhiteElo "2328"]
[BlackElo "2142"]

1.c4 Nf6 2.Nc3 c6 3.e4 e5 4.d4 Qa5 5.dxe5 Nxe4 6.Qd4 Bb4 7.Ne2 Nxc3 8.bxc3 Be7
9.Ng3 d6 10.exd6 Bf6 11.Qe3+ Kd8 12.Ne4 Re8 13.Bd2 Bh4 14.Qf4 Qf5 15.Qxh4+
{#r} 1-0

[Event "Ch Baden"]
[Site "masterchessopen.com - Ottenau (Germany)"]
[Round "4"]
[White "Mueller Erich (GER)"]
[Black "Mueller Rudolf (GER)"]
[Result "1/2-1/2"]
[WhiteElo "2222"]
[BlackElo "2209"]

1.c4 Nf6 2.Nc3 d5 3.cxd5 Nxd5 4.Nf3 e6 5.e4 Nxc3 6.bxc3 c5 7.Bb5+ Bd7 8.Bxd7+
Nxd7 9.d4 cxd4 10.cxd4 Bb4+ 11.Bd2 Bxd2+ {#d} 1/2-1/2

[Event "It (open)"]
[Site "masterchessopen.com - Ardennes (France)"]
[Round "3"]
[White "Didier Bruno"]
[Black "Delpy Mickael"]
[Result "1/2-1/2"]
[WhiteElo "1410"]
[BlackElo "1490"]

1.c4 Nf6 2.Nc3 g6 3.g3 Bg7 4.Bg2 O-O 5.d3 d6 6.Bd2 Nc6 7.Qc1 e6 8.Bh6 Ng4
9.Bxg7 Kxg7 10.a3 Na5 11.Qc2 Qf6 12.f3 Ne3 13.Qa4 Nxg2+ 14.Kf2 Nh4 15.Qxa5
{#d} 1/2-1/2

[Event "It (open)"]
[Site "masterchessopen.com - Karvina (Czech Republic)"]
[Round "6"]
[White "Kotas Jan (CZE)"]
[Black "Mitura Karel (CZE)"]
[Result "1/2-1/2"]
[WhiteElo "2037"]
[BlackElo "1981"]

1.c4 Nf6 2.Nc3 g6 3.g3 Bg7 4.Bg2 O-O 5.d3 d6 6.e3 e5 7.Nge2 Nbd7 8.Bd2 c6 9.b4
Nb6 10.a4 Be6 11.a5 Nc8 12.O-O d5 13.cxd5 cxd5 14.Rc1 Nd6 15.Na4 {#d} 1/2-1/2

[Event "It (open)"]
[Site "masterchessopen.com - Latschach (Austria)"]
[Date "2005.08.17"]
[Round "6"]
[White "Rabensteiner Klaus (AUT)"]
[Black "Rattinger Thomas (AUT)"]
[Result "1/2-1/2"]
[WhiteElo "2081"]
[BlackElo "2157"]

1.c4 Nf6 2.Nc3 c6 3.e4 e5 4.Nf3 d6 5.d4 Qc7 6.Bg5 Be7 7.Rc1 Nbd7 8.Be2 O-O
9.O-O a6 10.b3 Kh8 11.Qd2 h6 12.Bh4 Re8 13.h3 b6 14.Kh1 Bb7 15.d5 c5 16.g4 g5
{#d} 1/2-1/2

[Event "Czech League 2005/06 (krajsky prebor)"]
[Site "masterchessopen.com - Czech Republic"]
[Date "2005.10.23"]
[Round "0"]
[White "Janas Vladimir"]
[Black "Netopil Martin"]
[Result "1/2-1/2"]
[WhiteElo "1850"]
[BlackElo "1776"]

1.c4 Nf6 2.Nc3 d5 3.cxd5 Nxd5 4.g3 e6 5.Bg2 c6 6.Nf3 Nd7 7.O-O Be7 8.d4 N7f6
9.Qc2 O-O 10.e4 Nb6 11.Rd1 Qe8 12.Be3 Bb4 {#d} 1/2-1/2

[Event "Ch Croatia (team) (2nd league)"]
[Site "masterchessopen.com - Croatia"]
[Date "2005.11.06"]
[Round "9"]
[White "Mravunac Damir (CRO)"]
[Black "Banusic Zeljko (CRO)"]
[Result "1/2-1/2"]
[WhiteElo "2203"]
[BlackElo "2281"]

1.c4 Nf6 2.Nc3 d5 3.cxd5 Nxd5 4.g3 g6 5.Bg2 Nb6 6.Nf3 Bg7 7.O-O Nc6 8.d3 O-O
9.Na4 Nxa4 10.Qxa4 Nd4 {#d} 1/2-1/2

[Event "It (open)"]
[Site "masterchessopen.com - Litomysl (Czech Republic)"]
[Date "2005.12.28"]
[Round "3"]
[White "Zeinert Michal (CZE)"]
[Black "Rehak Jakub (CZE)"]
[Result "1-0"]
[WhiteElo "2113"]
[BlackElo "1920"]

1.c4 Nf6 2.Nc3 g6 3.g3 Bg7 4.Bg2 O-O 5.Rb1 c6 6.e4 d6 7.Nf3 Nh5 8.O-O f5 9.d3
e5 10.Bg5 Qb6 11.Be7 Re8 12.Bxd6 c5 13.Bxb8 Rxb8 14.Nd5 Qd6 15.Qa4 b5 16.cxb5
{#r} 1-0

[Event "Landesliga (2nd) East 2005/06"]
[Site "masterchessopen.com - Mecklenburg-Vorpommern (Germany)"]
[Date "2006.01.29"]
[Round "6"]
[White "Elsner Norbert"]
[Black "Zentgraf Robert (GER)"]
[Result "1/2-1/2"]
[WhiteElo "1915"]
[BlackElo "2110"]

1.c4 Nf6 2.Nc3 b6 3.e4 e5 4.g3 Bb7 5.Bg2 Bc5 6.h3 O-O 7.Nge2 Nc6 8.O-O Nd4
9.d3 c6 10.Nxd4 Bxd4 11.Ne2 Bc5 12.d4 {#d} 1/2-1/2

[Event "Czech League 2005/06 (krajsky prebor)"]
[Site "masterchessopen.com - Czech Republic"]
[Date "2006.03.05"]
[Round "0"]
[White "Sysel Jiri"]
[Black "Kratochvil Milan (CZE)"]
[Result "1/2-1/2"]
[WhiteElo "1865"]
[BlackElo "1787"]

1.c4 Nf6 2.Nc3 d5 3.cxd5 Nxd5 4.g3 c6 5.Bg2 Na6 6.Nf3 g6 7.O-O Bg7 8.d4 O-O
9.Nxd5 cxd5 10.Qb3 Qb6 11.Qxb6 axb6 12.a3 Nb4 13.Bd2 Nc6 14.e3 Bf5 15.Nh4 Bd3
{#d} 1/2-1/2

[Event "Ch Pan-American (qual)"]
[Site "masterchessopen.com - Ecuador"]
[Date "2006.05.20"]
[Round "4"]
[White "Calderon Oliver (ECU)"]
[Black "Nevarez Ever (ECU)"]
[Result "1/2-1/2"]
[WhiteElo "2005"]
[BlackElo "1948"]

1.c4 Nf6 2.Nc3 c6 3.e4 e5 4.d4 Qc7 5.Nf3 exd4 6.Qxd4 Na6 7.Bg5 Bc5 8.Qd2 Ng4
9.h3 Nf6 10.Bxf6 gxf6 11.a3 d6 12.Be2 Be6 13.b3 O-O-O 14.Rd1 Rhe8 15.O-O Rg8
16.Kh1 {#d} 1/2-1/2

[Event "Tournament (juniors)"]
[Site "masterchessopen.com - Lublin (Poland)"]
[Date "2006.07.13"]
[Round "8"]
[White "Musialkiewicz Jan (POL)"]
[Black "Adamek Przemyslaw (POL)"]
[Result "1/2-1/2"]
[WhiteElo "1835"]
[BlackElo "1946"]

1.c4 Nf6 2.Nc3 c6 3.g3 d5 4.cxd5 cxd5 5.Bg2 e6 6.d3 Nc6 7.a3 Bd6 8.Bg5 h6
9.Bd2 O-O 10.b4 Bd7 11.Nf3 Rc8 12.O-O e5 13.Rc1 d4 14.Na4 Ne8 {#d} 1/2-1/2

[Event "It (open)"]
[Site "masterchessopen.com - Stare Mesto (Czech Republic)"]
[Date "2006.08.19"]
[Round "10"]
[White "Rakay Kvetoslav (SVK)"]
[Black "Svana Peter (SVK)"]
[Result "1/2-1/2"]
[WhiteElo "2115"]
[BlackElo "2162"]

1.c4 Nf6 2.Nc3 g6 3.g3 d5 4.cxd5 Nxd5 5.Bg2 Nb6 6.Nf3 Bg7 7.O-O e5 8.e3 Nc6
9.d4 exd4 10.exd4 O-O 11.Bg5 Qd7 12.Bf4 a6 13.d5 Ne7 14.d6 {#d} 1/2-1/2

[Event "Tournament (Elo)"]
[Site "masterchessopen.com - Ecuador"]
[Date "2006.08.26"]
[Round "3"]
[White "Dillon Iperti Miguel (ECU)"]
[Black "Medina Daniel (ECU)"]
[Result "1-0"]
[WhiteElo "2137"]
[BlackElo "1530"]

1.c4 Nf6 2.Nc3 c6 3.e4 e5 4.Nf3 Qc7 5.d4 d6 6.h3 Be6 7.Be2 Nbd7 8.d5 cxd5
9.cxd5 Be7 10.dxe6 fxe6 11.Ng5 g6 12.Nxe6 Qc6 13.O-O h5 14.Bb5 Qb6 15.Be3 Qa5
16.a3 {#r} 1-0

[Event "Ch Austria"]
[Site "masterchessopen.com - Koeflach (Austria)"]
[Date "2006.09.07"]
[Round "6"]
[White "Stanec Nikolaus (AUT)"]
[Black "Freitag Manfred (AUT)"]
[Result "1/2-1/2"]
[WhiteElo "2514"]
[BlackElo "2413"]

1.c4 Nf6 2.Nc3 g6 3.g3 Bg7 4.Bg2 d6 5.d3 O-O 6.e4 c5 7.Nge2 Nc6 8.h3 Rb8 9.Be3
a6 10.d4 cxd4 11.Nxd4 Bd7 12.O-O {#d} 1/2-1/2

[Event "Ch Croatia (team) (2nd league)"]
[Site "masterchessopen.com - Croatia"]
[Date "2006.10.07"]
[Round "8"]
[White "Sasvari Zelimir (CRO)"]
[Black "Tomerlin Sinisa (CRO)"]
[Result "1/2-1/2"]
[WhiteElo "2283"]
[BlackElo "2342"]

1.c4 Nf6 2.Nc3 d6 3.g3 Nbd7 4.Bg2 e5 5.d3 Be7 6.Rb1 O-O 7.e3 Re8 8.Nge2 a5
9.a3 c6 10.b4 axb4 11.axb4 Nb6 12.b5 cxb5 13.Rxb5 {#d} 1/2-1/2

[Event "Ch Belgrad (team) (qual. liga)"]
[Site "masterchessopen.com - Belgrade (Yugoslavia)"]
[Date "2006.10.25"]
[Round "9"]
[White "Kovacic Misa (SRB)"]
[Black "Lazarevic Miodrag (SRB)"]
[Result "1-0"]
[WhiteElo "2130"]
[BlackElo "2128"]

1.c4 Nf6 2.Nc3 g6 3.g3 Bg7 4.Bg2 O-O 5.e4 d6 6.Nge2 c5 7.d4 cxd4 8.Nxd4 Qc7
9.b3 a6 10.Bb2 Nc6 11.Nde2 Rb8 {#r} 1-0

[Event "Memorial J.Capablanca (open)"]
[Site "masterchessopen.com - Habana (Cuba)"]
[Date "2006.11.28"]
[Round "8"]
[White "Landenbergue Claude (SUI)"]
[Black "Prasca Raphael (VEN)"]
[Result "1/2-1/2"]
[WhiteElo "2446"]
[BlackElo "2448"]

1.c4 Nf6 2.Nc3 c6 3.e4 e5 4.Nf3 Qa5 5.Be2 d6 6.O-O Be7 7.d4 Bg4 8.Be3 Nbd7
9.a3 Qc7 10.Rc1 O-O 11.Nd2 Bxe2 12.Qxe2 Rfe8 13.d5 {#d} 1/2-1/2

[Event "It (open)"]
[Site "masterchessopen.com - Schwalbach Elm (Germany)"]
[Date "2006.12.28"]
[Round "4"]
[White "Biegler Markus (GER)"]
[Black "Bentout Pascal (FRA)"]
[Result "1/2-1/2"]
[WhiteElo "2130"]
[BlackElo "2120"]

1.c4 Nf6 2.Nc3 g6 3.g3 Bg7 4.Bg2 O-O 5.e4 d6 6.Nge2 e5 7.O-O Nc6 8.f4 Bg4 9.h3
Bxe2 10.Nxe2 exf4 11.gxf4 Re8 12.d3 Nd7 13.Rb1 Nc5 14.Be3 Nb4 15.Nc1 Nc6 {#d}
1/2-1/2

[Event "Tournament (c)"]
[Site "masterchessopen.com - Moscow (Russia)"]
[Date "2007.02.05"]
[Round "5"]
[White "Gerasimova Olga (RUS)"]
[Black "Varezhkin Viktor (RUS)"]
[Result "1/2-1/2"]
[WhiteElo "2310"]
[BlackElo "2194"]

1.c4 Nf6 2.Nc3 g6 3.g3 d5 4.cxd5 Nxd5 5.Bg2 Nxc3 6.bxc3 Bg7 7.Rb1 Nd7 8.Nf3
O-O 9.O-O c5 10.Qa4 a6 11.d3 Nb6 12.Qh4 Nd5 13.c4 Nc3 14.Rb2 e5 {#d} 1/2-1/2

[Event "Czech League 2006/07 (krajsky prebor)"]
[Site "masterchessopen.com - Czech Republic"]
[Date "2007.04.01"]
[Round "0"]
[White "Masak Pavel (CZE)"]
[Black "Vosahlo Jiri"]
[Result "1/2-1/2"]
[WhiteElo "2126"]
[BlackElo "1952"]

1.c4 Nf6 2.Nc3 c6 3.e4 d5 4.cxd5 cxd5 5.e5 d4 6.exf6 dxc3 7.fxg7 cxd2+ 8.Qxd2
Qxd2+ 9.Bxd2 Bxg7 10.Bb5+ Bd7 11.Bxd7+ Nxd7 {#d} 1/2-1/2

[Event "It (cat.3)"]
[Site "masterchessopen.com - Reykjavik (Iceland)"]
[Date "2007.04.08"]
[Round "8"]
[White "Gretarsson Hjorvar Stein (ISL)"]
[Black "Johannesson Ingvar Thor (ISL)"]
[Result "1/2-1/2"]
[WhiteElo "2270"]
[BlackElo "2340"]

1.c4 Nf6 2.Nc3 d5 3.cxd5 Nxd5 4.Nf3 g6 5.g3 Bg7 6.Bg2 O-O 7.O-O Nc6 8.a3 Nxc3
9.bxc3 Qd7 10.Bb2 Nd8 {#d} 1/2-1/2

[Event "It (open)"]
[Site "masterchessopen.com - Gerlingen (Germany)"]
[Date "2007.05.20"]
[Round "7"]
[White "Fahnenschmidt Gerhard Dr (GER)"]
[Black "Rautenberg Uwe (GER)"]
[Result "1-0"]
[WhiteElo "2114"]
[BlackElo "1967"]

1.c4 Nf6 2.Nc3 b6 3.e4 e5 4.Nf3 d6 5.d4 exd4 6.Nxd4 Bb7 7.Bd3 Be7 8.O-O Nbd7
9.Bg5 O-O 10.Nf5 Ne5 11.f4 Nxd3 12.Qxd3 Bc8 13.Nxe7+ Qxe7 14.Nd5 Qd8 15.e5 h6
16.Bxf6 {#r} 1-0

[Event "It (open) (juniors)"]
[Site "masterchessopen.com - St. Lo (France)"]
[Date "2007.07.13"]
[Round "6"]
[White "Mastalerz Xavier (BEL)"]
[Black "Turcu Iulian (ROM)"]
[Result "1/2-1/2"]
[WhiteElo "1943"]
[BlackElo "2069"]

1.c4 Nf6 2.Nc3 d5 3.cxd5 Nxd5 4.g3 Nxc3 5.bxc3 g6 6.Bg2 Bg7 7.Rb1 c6 8.Nf3 O-O
9.O-O b6 10.c4 e5 11.d3 Re8 12.Qb3 Nd7 13.Ba3 Bb7 14.Nd2 Nf6 15.Bb2 {#d}
1/2-1/2

[Event "It \"]
[Site "masterchessopen.com - Donskoj (Russia)"]
[Date "2007.07.14"]
[Round "10"]
[White "Bakutin Aleksey (RUS)"]
[Black "Gusev Aleksey (RUS)"]
[Result "1/2-1/2"]
[WhiteElo "2350"]
[BlackElo "2391"]

1.c4 Nf6 2.Nc3 d5 3.cxd5 Nxd5 4.g3 g6 5.Bg2 Nxc3 6.dxc3 Qxd1+ 7.Kxd1 Bg7 8.Kc2
O-O 9.e4 Nc6 10.Ne2 e5 11.Be3 Be6 12.b3 a5 13.h4 a4 {#d} 1/2-1/2

[Event "It (open)"]
[Site "masterchessopen.com - Arteixo (Spain)"]
[Date "2007.08.01"]
[Round "9"]
[White "Rusev Krasimir (BUL)"]
[Black "Iotov Valentin (BUL)"]
[Result "1/2-1/2"]
[WhiteElo "2479"]
[BlackElo "2509"]

1.c4 Nf6 2.Nc3 d5 3.cxd5 Nxd5 4.e4 Nxc3 5.dxc3 Qxd1+ 6.Kxd1 e5 7.Be3 Be6 8.Nf3
f6 9.Nd2 Nd7 10.Bc4 Bxc4 11.Nxc4 Bc5 12.Kc2 Ke7 13.b4 Bxe3 14.Nxe3 {#d}
1/2-1/2

[Event "It (open)"]
[Site "masterchessopen.com - Dubna (Russia)"]
[Date "2007.08.05"]
[Round "2"]
[White "Kostin Konstantin (RUS)"]
[Black "Novikov Stanislav (RUS)"]
[Result "1-0"]
[WhiteElo "2249"]
[BlackElo "2534"]

1.c4 Nf6 2.Nc3 c6 3.e4 d5 4.e5 Nfd7 5.Nf3 d4 6.Ne4 c5 7.Bd3 e6 8.Qe2 Be7 9.O-O
O-O 10.Re1 Re8 11.a3 Nc6 12.Ng3 b6 13.Qe4 f5 14.Qxc6 Ba6 {#r} 1-0

[Event "It \"]
[Site "masterchessopen.com - Feffernitz (Austria)"]
[Date "2007.08.21"]
[Round "4"]
[White "Halvax Georg (AUT)"]
[Black "Bartl Ulf (GER)"]
[Result "1/2-1/2"]
[WhiteElo "2059"]
[BlackElo "2071"]

1.c4 Nf6 2.Nc3 d5 3.cxd5 Nxd5 4.g3 g6 5.Bg2 Nxc3 6.bxc3 Bg7 7.Rb1 c6 8.d4 O-O
9.Nf3 Nd7 10.O-O Qa5 11.Qc2 e5 12.e4 {#d} 1/2-1/2

[Event "Cup Elitzur Cup (cat.3)"]
[Site "masterchessopen.com - Petach Tikva (Israel)"]
[Round "9"]
[White "Porat Ido (ISR)"]
[Black "Porat Maya (ISR)"]
[Result "1/2-1/2"]
[WhiteElo "2259"]
[BlackElo "2208"]

1.c4 Nf6 2.Nc3 d5 3.cxd5 Nxd5 4.e4 Nxc3 5.dxc3 Qxd1+ 6.Kxd1 e5 7.Bc4 Be6
8.Bxe6 fxe6 9.Nf3 Bd6 10.Kc2 Nd7 11.Be3 Nf6 12.Nd2 Ng4 13.Nc4 b5 14.Nxd6+ cxd6
15.Rhe1 Nxe3+ 16.Rxe3 {#d} 1/2-1/2

[Event "It (open)"]
[Site "masterchessopen.com - Arco (Italy)"]
[Date "2007.10.28"]
[Round "9"]
[White "Marini Lucio (ITA)"]
[Black "Bortolotti Silvano (ITA)"]
[Result "1/2-1/2"]
[WhiteElo "1860"]
[BlackElo "1771"]

1.c4 Nf6 2.Nc3 d5 3.g3 d4 4.Nb1 e5 5.d3 c6 6.Bg5 Be7 7.Bg2 Be6 8.Nf3 Nbd7
9.Nbd2 O-O 10.O-O h6 11.Bxf6 Bxf6 12.Ne4 Be7 13.b4 b6 14.c5 Qc7 15.Qc2 {#d}
1/2-1/2

[Event "It (open) \"]
[Site "masterchessopen.com - Gornozavodsk (Russia)"]
[Round "3"]
[White "Shakhmatov Vyacheslav (RUS)"]
[Black "Grebionkin Vasily (RUS)"]
[Result "1/2-1/2"]
[WhiteElo "2145"]
[BlackElo "2079"]

1.c4 Nf6 2.Nc3 g6 3.g3 Bg7 4.Bg2 O-O 5.e4 d6 6.Nge2 e5 7.d3 Re8 8.O-O c6 9.Bd2
Nbd7 10.a4 Nc5 11.b4 Ne6 12.h3 Nd4 13.Be3 c5 14.b5 Be6 15.f4 Qc8 16.Kh2 {#d}
1/2-1/2

[Event "It (open)"]
[Site "masterchessopen.com - Bad Wiessee (Germany)"]
[Date "2007.11.10"]
[Round "1"]
[White "Bolte Christoph (GER)"]
[Black "Naumann Alexander (GER)"]
[Result "0-1"]
[WhiteElo "2032"]
[BlackElo "2548"]

1.c4 Nf6 2.Nc3 g6 3.g3 Bg7 4.Bg2 O-O 5.d3 c6 6.Nf3 d5 7.Nd2 a6 8.O-O Be6
9.cxd5 cxd5 10.Qa4 Nc6 11.Qh4 h6 12.Nf3 Ng4 13.Bg5 hxg5 14.Nxg5 Nh6 {#R} 0-1

[Event "It (open)"]
[Site "masterchessopen.com - Rijeka (Croatia)"]
[Date "2007.11.30"]
[Round "7"]
[White "Mrakovcic Karmen (CRO)"]
[Black "Cabrijan Ivan (CRO)"]
[Result "0-1"]
[WhiteElo "1768"]
[BlackElo "1846"]

1.c4 Nf6 2.Nc3 Nc6 3.Nf3 e6 4.g3 g6 5.Bg2 Bg7 6.Rb1 O-O 7.O-O Ne7 8.d3 c6 9.b4
d5 10.cxd5 exd5 11.d4 Nf5 12.Bf4 Nd6 13.Ne5 Re8 14.Qc2 Nh5 15.Nf3 Nxf4 16.gxf4
Bf5 {#R} 0-1

[Event "Ch Region (juniors) (under 18)"]
[Site "masterchessopen.com - Matosinhos (Portugal)"]
[Date "2008.02.08"]
[Round "7"]
[White "Margarido Ricardo Emanuel Torre (POR)"]
[Black "Vieira Jose Pedro (POR)"]
[Result "1-0"]
[WhiteElo "1978"]
[BlackElo "1448"]

1.c4 Nf6 2.Nc3 b6 3.e4 Bb7 4.e5 Ne4 5.Qf3 d5 6.cxd5 Nxc3 7.Qxc3 Bxd5 8.d4 Bb7
9.Be3 e6 10.Rc1 c6 11.Nf3 Be7 12.Bd3 O-O 13.Be4 Qd7 14.O-O Rc8 15.Rfd1 Qc7
16.b4 {#r} 1-0

[Event "It (open) (w)"]
[Site "masterchessopen.com - Moscow (Russia)"]
[Date "2008.02.08"]
[Round "7"]
[White "Butneva Larisa (RUS)"]
[Black "Afanasieva Elena (RUS)"]
[Result "1-0"]
[WhiteElo "1857"]
[BlackElo "1503"]

1.c4 Nf6 2.Nc3 g6 3.g3 Bg7 4.Bg2 Nc6 5.d4 e6 6.e4 d6 7.Nge2 Bd7 8.h3 O-O 9.d5
Ne7 10.g4 h5 11.g5 Nh7 12.h4 f5 13.f4 c6 14.dxc6 Bxc6 {#r} 1-0

[Event "Czech League 2007/08 (krajsky prebor)"]
[Site "masterchessopen.com - Czech Republic"]
[Date "2008.02.10"]
[Round "7"]
[White "Heger Miroslav"]
[Black "Stodola Zdenek"]
[Result "1/2-1/2"]
[WhiteElo "1671"]
[BlackElo "1777"]

1.c4 Nf6 2.Nc3 g6 3.b3 Bg7 4.Bb2 O-O 5.g3 c5 6.Bg2 Nc6 7.e3 a6 8.Na4 d6 9.Ne2
Qc7 10.Nac3 Bd7 11.O-O Rab8 12.d4 cxd4 13.Nxd4 Rfd8 14.Nxc6 Bxc6 15.Bxc6 {#d}
1/2-1/2

[Event "Ch City (open)"]
[Site "masterchessopen.com - Subotica (Serbia)"]
[Date "2008.03.07"]
[Round "9"]
[White "Avram Veselin (SRB)"]
[Black "Kosa Jeno (SRB)"]
[Result "1/2-1/2"]
[WhiteElo "2132"]
[BlackElo "2125"]

1.c4 Nf6 2.Nc3 g6 3.g3 d5 4.cxd5 Nxd5 5.Bg2 Nb6 6.Nf3 Bg7 7.O-O O-O 8.b3 Nc6
9.Bb2 e5 10.d3 Nd4 11.Ne4 Be6 12.Nxd4 exd4 {#d} 1/2-1/2

[Event "It (open)"]
[Site "masterchessopen.com - Osijek (Croatia)"]
[Date "2008.03.11"]
[Round "8"]
[White "Sinanovic Muhamed (BIH)"]
[Black "Dragojlovic Andjelko (SRB)"]
[Result "0-1"]
[WhiteElo "2386"]
[BlackElo "2393"]

1.c4 Nf6 2.Nc3 g6 3.g3 d5 4.cxd5 Nxd5 5.Bg2 Nxc3 6.bxc3 Bg7 7.Nf3 O-O 8.O-O c5
9.Qb3 Nc6 10.Qb5 Qa5 11.a4 a6 12.Qb3 Qc7 13.d3 Na5 14.Qa3 c4 15.d4 {#R} 0-1

[Event "Ch Hungary (team) 2007/08"]
[Site "masterchessopen.com - Hungary"]
[Date "2008.04.27"]
[Round "10"]
[White "Volosin Vladimir (HUN)"]
[Black "Kerek Csaba (HUN)"]
[Result "1/2-1/2"]
[WhiteElo "2278"]
[BlackElo "2293"]

1.c4 Nf6 2.Nc3 g6 3.g3 d5 4.cxd5 Nxd5 5.Bg2 Nb6 6.Nf3 Bg7 7.d3 O-O 8.Be3 Nc6
9.Qd2 Re8 10.Bh6 Bh8 11.h4 {#d} 1/2-1/2

[Event "Ch Europe"]
[Site "masterchessopen.com - Plovdiv (Bulgaria)"]
[Date "2008.04.30"]
[Round "9"]
[White "Ris Robert (NED)"]
[Black "Mudelsee Manfred (GER)"]
[Result "1/2-1/2"]
[WhiteElo "2417"]
[BlackElo "2296"]

1.c4 Nf6 2.Nc3 g6 3.g3 Bg7 4.Bg2 O-O 5.e4 e5 6.d3 d6 7.f4 Nc6 8.Nf3 a6 9.O-O
Bg4 10.Be3 Qd7 11.Qd2 Nh5 12.Nh4 f5 13.exf5 exf4 14.Bxf4 Nxf4 15.Qxf4 Bxf5
16.Nxf5 {#d} 1/2-1/2

[Event "It (open)"]
[Site "masterchessopen.com - Chotowa (Poland)"]
[Date "2008.05.29"]
[Round "6"]
[White "Wojcieszyn Zdzislaw (POL)"]
[Black "Kaukiel Piotr (POL)"]
[Result "1/2-1/2"]
[WhiteElo "2088"]
[BlackElo "2201"]

1.c4 Nf6 2.Nc3 g6 3.g3 Bg7 4.Bg2 O-O 5.Nf3 d5 6.cxd5 Nxd5 7.Qb3 Nb6 8.O-O Nc6
9.d3 h6 10.a3 e5 11.Qc2 Bg4 12.e3 h5 13.Ne4 {#d} 1/2-1/2